000 01672cam a2200157 4500500
005 20260208005759.0
041 _afre
042 _adc
100 1 0 _aL’Aminot, Tanguy
_eauthor
245 0 0 _aTHOMAS BARRAN, Russia reads Rousseau, 1762-1825. Evanston (Illinois), Northwestern University Press, 2002. Un vol. 16 × 24 cm. de XXVI + 404 p. (Col. « Studies in Russian Literature and Theory »).
260 _c2004.
500 _a90
520 _aDécouvert dans les minutes d’un notaire parisien, le testament de Louis Weil est d’un grand intérêt.Il permet de découvrir parmi ses légataires plusieurs membres de la famille Weil dont on ignorait jusque-là l’existence. Il permet de mesurer le degré d’intimité qu’il avait avec eux et d’affection qu’il leur portait à l’aune des legs qu’il leur fait. Il permet aussi de voir à quel point Moïse Baruch Weil, qui se faisait appeler Louis, restait cependant attaché à la communauté juive, dont les « pauvres » sont cités en premier lieu parmi les légataires qu’il désigne. Complété par plusieurs autres documents notariés, le testament permet enfin d’évoquer concrètement la maison d’Auteuil et surtout la maison du boulevard Haussmann dans laquelle Marcel Proust s’est établi après la mort de sa mère. On sait combien ces lieux ont eu d’importance dans l’imaginaire proustien. Comme l’oncle Louis devenu l’oncle Adolphe.
786 0 _nRevue d'histoire littéraire de la France | 104 | 3 | 2004-06-01 | p. 687i-738i | 0035-2411
856 4 1 _uhttps://shs.cairn.info/revue-d-histoire-litteraire-de-la-france-2004-3-page-687i?lang=fr&redirect-ssocas=7080
999 _c1653747
_d1653747